Computers in management and business studies. (2nd ed.) (Record no. 79700)
[ view plain ]
| 000 -LEADER | |
|---|---|
| fixed length control field | 00789nam a2200193 a 4500 |
| 008 - FIXED-LENGTH DATA ELEMENTS--GENERAL INFORMATION | |
| fixed length control field | 120416s1982 ||||||||||||||||| || u |
| 020 ## - INTERNATIONAL STANDARD BOOK NUMBER | |
| International Standard Book Number | 0712103902 |
| 050 ## - LIBRARY OF CONGRESS CALL NUMBER | |
| Classification number | HF 5548.2 Luc |
| 100 ## - MAIN ENTRY--PERSONAL NAME | |
| Personal name | Lucas, Harold |
| 245 10 - TITLE STATEMENT | |
| Title | Computers in management and business studies. (2nd ed.) |
| 250 ## - EDITION STATEMENT | |
| Edition statement | 2nd. ed |
| 260 ## - PUBLICATION, DISTRIBUTION, ETC. | |
| Place of publication, distribution, etc. | Estover: |
| Name of publisher, distributor, etc. | McDonald & Evans |
| Date of publication, distribution, etc. | 1982 |
| 300 ## - PHYSICAL DESCRIPTION | |
| Extent | xiii, 252p. : ill. |
| 350 ## - | |
| -- | 0.00 |
| 650 ## - SUBJECT ADDED ENTRY--TOPICAL TERM | |
| Topical term or geographic name entry element | BUSINESS--DATA PROCESSING |
| 650 ## - SUBJECT ADDED ENTRY--TOPICAL TERM | |
| Topical term or geographic name entry element | MANAGEMENT--DATA PROCESSING |
| 995 ## - | |
| -- | BINDERY (DAMAGED) |
| -- | 0.00 |
| -- | 707081 |
| -- | CBU-MAIN LIBRARY (Kitwe) |
| -- | 2 |
| -- | 5.95 |
| -- | HF 5548.2 Luc |
| -- | 2 |
| -- | DAMAGED |
| -- | 707081 |
| -- | Main Library Open Access Collection |
| 995 ## - | |
| -- | BINDERY (DAMAGED) |
| -- | 0.00 |
| -- | 005246 |
| -- | CBU-MAIN LIBRARY (Kitwe) |
| -- | 1 |
| -- | 5.95 |
| -- | HF 5548.2 Luc |
| -- | DAMAGED |
| -- | 005246 |
| -- | Main Library Open Access Collection |
| 999 ## - | |
| -- | 79700 |
| -- | 79700 |
| Withdrawn status | Lost status | Source of classification or shelving scheme | Damaged status | Not for loan | Permanent Location | Current Location | Shelving location | Date acquired | Total Checkouts | Full call number | Barcode | Date last seen | Copy number | Price effective from | Koha item type |
|---|---|---|---|---|---|---|---|---|---|---|---|---|---|---|---|
| CBU-MAIN LIBRARY, KITWE. | CBU-MAIN LIBRARY, KITWE. | 06/29/2023 | HF 5548.2 Luc | 707081 | 06/29/2023 | 1 | 06/29/2023 | MONOGRAPH | |||||||
| CBU-MAIN LIBRARY, KITWE. | CBU-MAIN LIBRARY, KITWE. | 06/29/2023 | HF 5548.2 Luc | 005246 | 06/29/2023 | 2 | 06/29/2023 | MONOGRAPH |